000 00498nam a2200205Ia 4500
003 OSt
005 20230916140915.0
008 210324s9999||||xx |||||||||||||| ||und||
040 _cSTCPL
041 _aENG
082 _a561
_bHEN-S
100 _aAndrews, Henry N.
245 0 _aStudies in paleobotany /
_cby Henry N. Andrews
260 _aNew York :
_bJohn Wiley & Sons, Inc. ,
_c1961.
300 _a487 p.
_bHB
650 _aPaleobotany
650 _aBotany
942 _cBK
942 _2ddc
999 _c10312
_d10312